Manual de iniciación al ajedrez : (Registro nro. 10922)

Detalles MARC
000 -LIDER
fixed length control field 00937nam a22002777a 4500
001 - NÚMERO DE CONTROL
Identificador de número de control 000398
003 - IDENTIFICACDOR DE NÚMERO DE CONTROL
control field DO-SdBNP
005 - DATE AND TIME OF LATEST TRANSACTION
control field 20160830085133.0
007 - CAMPOS FIJOS DE DESCRIPCIÓN FÍSICA
fixed length control field 000398
008 - ELEMENTOS DE LONGITUD FIJA
fixed length control field 160718b 1977 sp a ||||| |||| 00| 0 spa d
020 ## - ISBN
International Standard Book Number 8422608847
040 ## - FUENTE DE CATALOGACIÓN
Agencia que crea de manera original el registro BPMSU
Idioma de catalogación spa
Agencia que realiza la transcripción BPMSU
041 ## - CÓDIGOS DE OBRAS TRADUCIDAS O EN VARIOS IDIOMAS
Código del idioma del texto/archivo de sonido o separata spa
Cód. del idioma original y/o traducciones intermedias del texto eng
092 ## - LOCALLY ASSIGNED DEWEY DECIMAL CALL NUMBER
Número de clasificación 794.1
Número de ítem (Cutter) H816m
100 1# - ASIENTO PRINCIPAL -- NOMBRE PERSONAL
Nombre personal Horowitz, Israel Albert
240 10 - TITULO UNIFORME
Título uniforme First book of chess-second book of chess.
Medio (Designación general de material) Español
245 10 - MENCIÓN DE TITULO
Título Manual de iniciación al ajedrez :
Subtítulo estudios prácticos para el principiante /
Mención de responsabilidad I. A. Horowitz y Fred Reinfeld ; traducción del inglés S. Rodríguez de los Rios.
260 ## - PUBLICACIÓN, DISTRIBUCIÓN, ETC. (PIE DE IMPRENTA)
Lugar de publicación, distribución, etc Barcelona :
Nombre del editor, distribuidor, etc. Círculo de Lectores,
Fecha de publicación, distribución, etc 1977.
300 ## - DESCRIPCIÓN FÍSICA
Extensión 159 p. :
Otros detalles físicos il ;
Dimensiones 20 cm.
650 #4 - ENCABEZAMIENTO DE MATERIA--TEMÁTICO
Término temático o nombre geográfico como elemento de entrada AJEDREZ
700 12 - ASIENTO SECUNDARIO -- NOMBRE PERSONAL
Nombre personal Reinfeld, Fred
700 12 - ASIENTO SECUNDARIO -- NOMBRE PERSONAL
Nombre personal Rodríguez de los Rios, S.,
Mención de responsabilidad tr.
910 ## - VALIDACIÓN
Validación Validado. Control de calidad MFF
942 ## - ADDED ENTRY ELEMENTS (KOHA)
Source of classification or shelving scheme Dewey Decimal Classification
Koha item type Libros
956 ## - LOCAL ELECTRONIC LOCATION AND ACCESS (OCLC)
Método de acceso LOPEREZ
Materiales especificados 10
Enlace 20160721
Campo enlazado y núm. de secuencia BPMSU
Nombre de host 00041
Existencias
Withdrawn status Lost status Source of classification or shelving scheme Damaged status Not for loan Collection code Home library Current library Date acquired Source of acquisition Total Checkouts Full call number Barcode Date last seen Price effective from Koha item type
    Dewey Decimal Classification       Biblioteca Pública Metropolitana Salomé Ureña Biblioteca Pública Metropolitana Salomé Ureña 07/18/2016 FUNDI   794.1 H816m BPMSU16070518 07/18/2016 07/18/2016 Libros